000 01207nam a22003377a 4500
003 CHAP
005 20220329133746.0
008 971013s1977 r 00010 d
010 _a10464
011 _a11436
035 _a10674
040 _cCHAP
090 _aFolleto 4150
100 0 0 _aCabrera Acevedo, Gustavo.
_916637
245 _aDiagnóstico de la migración en México
260 _a(México, D. F.) :
_bComisión del Plan Nacional Hidráulico,
_c(1977)
300 _a46 p.
_b; mapa
490 _aComisión del Plan Nacional Hidráulico. México. Documentación
_v; 2
590 _aBATCH-UPD
_b10
_c20130110
_lUCH01
_h0134
590 _aBATCH-UPD
_b10
_c20130110
_lUCH01
_h1117
590 _aBATCH-UPD
_b10
_c20130409
_lUCH01
_h2131
590 _aBATCH-UPD
_b10
_c20130410
_lUCH01
_h0708
590 _aBATCH-UPD
_b10
_c20130914
_lUCH01
_h1017
590 _aCONVERSION
_b10
_c20130109
_lUCH01
_h1307
650 1 4 _aMigración interna.
_975603
830 0 _aComisión del Plan Nacional Hidráulico. México. Documentación
_v; 2
_925702
901 _aBK
942 _cFOLL
949 _aFolleto 4150
_bBC
_cFOLL
_d-22411
_eTS1
_i10674
_mD
_si
949 _aFolleto 4150
_bBC
_cFOLL
_d-22412
_eTS2
_fc.2
_i10674
_mD
_si
999 _c10464
_d10464